header

Rudyard Kipling (Record no. 187845)

MARC details
000 -LEADER
fixed length control field 01291nam a2200337Ia 4500
082 04 - DEWEY DECIMAL CLASSIFICATION NUMBER
Classification number 828/.809
100 1# - MAIN ENTRY--AUTHOR NAME
Personal name Dillingham, William B.
245 10 - TITLE STATEMENT
Title Rudyard Kipling
250 ## - EDITION STATEMENT
Edition statement 1st ed.
260 ## - PUBLICATION, DISTRIBUTION, ETC. (IMPRINT)
Place of publication New York :
Name of publisher Palgrave Macmillan,
Year of publication 2005.
300 ## - PHYSICAL DESCRIPTION
Number of Pages xi, 383 p.
650 #0 - SUBJECT ADDED ENTRY--TOPICAL TERM
Topical Term Pessimism in literature.
Topical Term Courage in literature.
856 40 - ELECTRONIC LOCATION AND ACCESS
Uniform Resource Identifier http://site.ebrary.com/lib/rucke/Doc?id=10135458

No items available.

© 2026 Rongo University
Contact us: librarian | system librarian | Rongo university